000 01166nam a2200325 i 4500
001 196853
003 ES-MaACL
005 20250802063125.0
008 250108b2024 sp ||||| |||| 00| 0 spa d
017 _aB 7463-29024
_bOficina Depósito Legal Barcelona
020 _a9788408287520
040 _bspa
_cES-MaACL
100 1 _aLori, Danielle
_9239432
_eaut
240 1 4 _aThe Maddest Obsession
245 1 3 _aLa locura más ardiente /
_cDanielle Lori.
260 _aBarcelona :
_bEditorial Planeta,
_c2024.
264 _c©2024.
300 _a413 páginas ;
_c23 cm
336 _2rdacontent
_atexto
337 _2rdamedia
_asin mediación
338 _2rdacarrier
_avolumen
700 1 _aBotella, Alicia
_etrl
_9241478
700 1 _aBrotons, María
_etrl
_9241479
852 _aES-MaACL
_cDEPOJ
_jN-10296
_hDonación: José Lázaro García
_xEncuadernación rústica con solapas
_9206418
903 _9234219
_aLázaro García, José
_ednr
942 _cMONOGRAFIA
_n0
999 _c196853
_d196853